000 00935nas a2200301 4500
001 BR0303607
003 BR-BrBNA
005 20231205103922.0
007 ta
008 230509b bl.|||p| |||| 00| 00por d
040 _aBR-BrBNA
_bpor
_cBiblioteca Nacional de Agricultura
041 _a(En)
072 _aL02; L01
100 1 _aGiachetto, P.F.
100 1 _aGuerreiro, E.N.
100 1 _aFerro, J.A.
100 1 _aFerro, M.I.T.
100 1 _aFurlan, R.L.
100 1 _aMacari, M.
245 1 _aPerformance and hormonal profile in broiler chickens fed with different energy levels during post restriction period
650 _aFRANGO DE CORTE
650 _aCARCAÇA
650 _aGANHO DE PESO
650 _aBALANÇO DE ENERGIA
773 0 _tPesquisa Agropecuária Brasileira (Brazil)
_xISSN 0100-204X
_g(Jun 2003), v. 38(6) p. 697-702
_wBR0303607
909 _a202311
_bLúcia
_c55
_dLúcia Elande
942 _2AGRIS
_n0
_cANA
999 _c175427
_d175427